<?xml version="1.0" encoding="UTF-8"?><marc:collection xmlns:marc="http://www.loc.gov/MARC21/slim">
  <marc:record>
    <marc:leader>04230nas a2200901#c 4500</marc:leader>
    <marc:controlfield tag="001">99376437603706441</marc:controlfield>
    <marc:controlfield tag="003">DE-605</marc:controlfield>
    <marc:controlfield tag="005">20260116211435.0</marc:controlfield>
    <marc:controlfield tag="007">cr||||||||||||</marc:controlfield>
    <marc:controlfield tag="008">260112c20249999gw w||p|o ||| 0||||1ger c</marc:controlfield>
    <marc:datafield tag="016" ind1="7" ind2=" ">
      <marc:subfield code="a">3232621-X</marc:subfield>
      <marc:subfield code="2">DE-600</marc:subfield>
    </marc:datafield>
    <marc:datafield tag="016" ind1="7" ind2=" ">
      <marc:subfield code="a">1386470791</marc:subfield>
      <marc:subfield code="2">DE-101</marc:subfield>
    </marc:datafield>
    <marc:datafield tag="024" ind1="7" ind2=" ">
      <marc:subfield code="a">urn:nbn:de:hbz:929:02-edoweb:70833260</marc:subfield>
      <marc:subfield code="2">urn</marc:subfield>
    </marc:datafield>
    <marc:datafield tag="035" ind1=" " ind2=" ">
      <marc:subfield code="a">(DE-600)3232621-X</marc:subfield>
    </marc:datafield>
    <marc:datafield tag="035" ind1=" " ind2=" ">
      <marc:subfield code="a">(DE-599)ZDB3232621-X</marc:subfield>
    </marc:datafield>
    <marc:datafield tag="035" ind1=" " ind2=" ">
      <marc:subfield code="a">(OCoLC)1568765047</marc:subfield>
    </marc:datafield>
    <marc:datafield tag="035" ind1=" " ind2=" ">
      <marc:subfield code="a">oai:dnb.de/zdb/1386470791</marc:subfield>
    </marc:datafield>
    <marc:datafield tag="035" ind1=" " ind2=" ">
      <marc:subfield code="a">(DE-101)1386470791</marc:subfield>
    </marc:datafield>
    <marc:datafield tag="040" ind1=" " ind2=" ">
      <marc:subfield code="a">0107</marc:subfield>
      <marc:subfield code="b">ger</marc:subfield>
      <marc:subfield code="c">DE-101</marc:subfield>
      <marc:subfield code="d">0107</marc:subfield>
      <marc:subfield code="e">rda</marc:subfield>
    </marc:datafield>
    <marc:datafield tag="041" ind1=" " ind2=" ">
      <marc:subfield code="a">ger</marc:subfield>
    </marc:datafield>
    <marc:datafield tag="044" ind1=" " ind2=" ">
      <marc:subfield code="c">XA-DE</marc:subfield>
    </marc:datafield>
    <marc:datafield tag="049" ind1=" " ind2=" ">
      <marc:subfield code="a">DE-465</marc:subfield>
    </marc:datafield>
    <marc:datafield tag="049" ind1=" " ind2=" ">
      <marc:subfield code="a">DE-61</marc:subfield>
    </marc:datafield>
    <marc:datafield tag="049" ind1=" " ind2=" ">
      <marc:subfield code="a">DE-Kn3</marc:subfield>
    </marc:datafield>
    <marc:datafield tag="049" ind1=" " ind2=" ">
      <marc:subfield code="a">DE-38</marc:subfield>
    </marc:datafield>
    <marc:datafield tag="049" ind1=" " ind2=" ">
      <marc:subfield code="a">DE-5N</marc:subfield>
    </marc:datafield>
    <marc:datafield tag="049" ind1=" " ind2=" ">
      <marc:subfield code="a">DE-5</marc:subfield>
    </marc:datafield>
    <marc:datafield tag="049" ind1=" " ind2=" ">
      <marc:subfield code="a">DE-107</marc:subfield>
    </marc:datafield>
    <marc:datafield tag="049" ind1=" " ind2=" ">
      <marc:subfield code="a">DE-Zw1</marc:subfield>
    </marc:datafield>
    <marc:datafield tag="049" ind1=" " ind2=" ">
      <marc:subfield code="a">DE-929</marc:subfield>
    </marc:datafield>
    <marc:datafield tag="049" ind1=" " ind2=" ">
      <marc:subfield code="a">DE-1116-DLR</marc:subfield>
    </marc:datafield>
    <marc:datafield tag="049" ind1=" " ind2=" ">
      <marc:subfield code="a">DE-1116</marc:subfield>
    </marc:datafield>
    <marc:datafield tag="084" ind1=" " ind2=" ">
      <marc:subfield code="a">100</marc:subfield>
      <marc:subfield code="a">600</marc:subfield>
      <marc:subfield code="a">137</marc:subfield>
      <marc:subfield code="a">147</marc:subfield>
      <marc:subfield code="2">rpb</marc:subfield>
    </marc:datafield>
    <marc:datafield tag="084" ind1=" " ind2=" ">
      <marc:subfield code="a">350</marc:subfield>
      <marc:subfield code="q">DE-600</marc:subfield>
      <marc:subfield code="2">sdnb</marc:subfield>
    </marc:datafield>
    <marc:datafield tag="090" ind1=" " ind2=" ">
      <marc:subfield code="n">la</marc:subfield>
    </marc:datafield>
    <marc:datafield tag="245" ind1="0" ind2="0">
      <marc:subfield code="a">Nachrichten Blatt</marc:subfield>
      <marc:subfield code="b">mit den amtlichen Bekanntmachungen für die Verbandsgemeinde Wörrstadt und die Ortsgemeinden Armsheim, Ensheim, Gabsheim, Gau-Weinheim, Partenheim, Saulheim, Schornsheim, Spiesheim, Sulzheim, Udenheim, Vendersheim, Wallertheim und die Stadt Wörrstadt</marc:subfield>
      <marc:subfield code="c">Verbandsgemeinde Wörrstadt, Rheinessen</marc:subfield>
    </marc:datafield>
    <marc:datafield tag="246" ind1="3" ind2=" ">
      <marc:subfield code="a">Nachrichten-Blatt</marc:subfield>
    </marc:datafield>
    <marc:datafield tag="246" ind1="1" ind2=" ">
      <marc:subfield code="i">Abweichender Titel im Impressum</marc:subfield>
      <marc:subfield code="a">Wochenzeitung mit den öffentlichen Bekanntmachungen  der Verbandsgemeinde Wörrstadt und die Ortsgemeinden Armsheim, Ensheim, Gabsheim, Gau-Weinheim, Partenheim, Saulheim, Schornsheim, Spiesheim, Sulzheim, Udenheim, Vendersheim, Wallertheim und der Stadt Wörrstadt</marc:subfield>
    </marc:datafield>
    <marc:datafield tag="264" ind1="3" ind2="1">
      <marc:subfield code="a">Armsheim</marc:subfield>
      <marc:subfield code="b">Oppenheimer Druckhaus GmbH</marc:subfield>
      <marc:subfield code="c">[2024?]-</marc:subfield>
    </marc:datafield>
    <marc:datafield tag="264" ind1="2" ind2="1">
      <marc:subfield code="3">2024</marc:subfield>
      <marc:subfield code="a">Wörrstadt</marc:subfield>
      <marc:subfield code="b">Oppenheimer Druckhaus GmbH</marc:subfield>
    </marc:datafield>
    <marc:datafield tag="300" ind1=" " ind2=" ">
      <marc:subfield code="a">Online-Ressource</marc:subfield>
    </marc:datafield>
    <marc:datafield tag="336" ind1=" " ind2=" ">
      <marc:subfield code="a">Text</marc:subfield>
      <marc:subfield code="b">txt</marc:subfield>
      <marc:subfield code="2">rdacontent</marc:subfield>
    </marc:datafield>
    <marc:datafield tag="337" ind1=" " ind2=" ">
      <marc:subfield code="a">Computer</marc:subfield>
      <marc:subfield code="b">c</marc:subfield>
      <marc:subfield code="2">rdamedia</marc:subfield>
    </marc:datafield>
    <marc:datafield tag="338" ind1=" " ind2=" ">
      <marc:subfield code="a">Online-Ressource</marc:subfield>
      <marc:subfield code="b">cr</marc:subfield>
      <marc:subfield code="2">rdacarrier</marc:subfield>
    </marc:datafield>
    <marc:datafield tag="362" ind1="0" ind2=" ">
      <marc:subfield code="a">57. Jahrgang, Nr. 1 (4. Januar 2024) [?]-</marc:subfield>
    </marc:datafield>
    <marc:datafield tag="363" ind1="0" ind2="1">
      <marc:subfield code="8">1.1\x</marc:subfield>
      <marc:subfield code="a">57</marc:subfield>
      <marc:subfield code="b">1</marc:subfield>
      <marc:subfield code="k">4</marc:subfield>
      <marc:subfield code="j">1</marc:subfield>
      <marc:subfield code="i">2024</marc:subfield>
    </marc:datafield>
    <marc:datafield tag="500" ind1=" " ind2=" ">
      <marc:subfield code="a">Gesehen am 12.01.2026</marc:subfield>
    </marc:datafield>
    <marc:datafield tag="583" ind1="1" ind2=" ">
      <marc:subfield code="a">Archivierung/Langzeitarchivierung gewährleistet</marc:subfield>
      <marc:subfield code="f">PERP</marc:subfield>
      <marc:subfield code="5">DE-107</marc:subfield>
      <marc:subfield code="2">pdager</marc:subfield>
    </marc:datafield>
    <marc:datafield tag="655" ind1=" " ind2="7">
      <marc:subfield code="a">Zeitung</marc:subfield>
      <marc:subfield code="0">(DE-588)4067510-5</marc:subfield>
      <marc:subfield code="2">gnd-content</marc:subfield>
    </marc:datafield>
    <marc:datafield tag="710" ind1="1" ind2=" ">
      <marc:subfield code="a">Verbandsgemeinde Wörrstadt</marc:subfield>
      <marc:subfield code="0">(DE-588)4397903-8</marc:subfield>
      <marc:subfield code="4">isb</marc:subfield>
      <marc:subfield code="e">Herausgebendes Organ</marc:subfield>
    </marc:datafield>
    <marc:datafield tag="751" ind1=" " ind2=" ">
      <marc:subfield code="a">Wörrstadt</marc:subfield>
      <marc:subfield code="0">(DE-588)4398682-1</marc:subfield>
      <marc:subfield code="2">gnd</marc:subfield>
      <marc:subfield code="4">dbp</marc:subfield>
      <marc:subfield code="e">Vertriebsort</marc:subfield>
    </marc:datafield>
    <marc:datafield tag="751" ind1=" " ind2=" ">
      <marc:subfield code="a">Armsheim</marc:subfield>
      <marc:subfield code="0">(DE-588)4671218-5</marc:subfield>
      <marc:subfield code="2">gnd</marc:subfield>
      <marc:subfield code="4">dbp</marc:subfield>
      <marc:subfield code="e">Vertriebsort</marc:subfield>
    </marc:datafield>
    <marc:datafield tag="751" ind1=" " ind2=" ">
      <marc:subfield code="a">Ensheim</marc:subfield>
      <marc:subfield code="g">Landkreis Alzey-Worms</marc:subfield>
      <marc:subfield code="0">(DE-588)3007939-1</marc:subfield>
      <marc:subfield code="2">gnd</marc:subfield>
      <marc:subfield code="4">dbp</marc:subfield>
      <marc:subfield code="e">Vertriebsort</marc:subfield>
    </marc:datafield>
    <marc:datafield tag="751" ind1=" " ind2=" ">
      <marc:subfield code="a">Gabsheim</marc:subfield>
      <marc:subfield code="0">(DE-588)3029182-3</marc:subfield>
      <marc:subfield code="2">gnd</marc:subfield>
      <marc:subfield code="4">dbp</marc:subfield>
      <marc:subfield code="e">Vertriebsort</marc:subfield>
    </marc:datafield>
    <marc:datafield tag="751" ind1=" " ind2=" ">
      <marc:subfield code="a">Gau-Weinheim</marc:subfield>
      <marc:subfield code="0">(DE-588)3072817-4</marc:subfield>
      <marc:subfield code="2">gnd</marc:subfield>
      <marc:subfield code="4">dbp</marc:subfield>
      <marc:subfield code="e">Vertriebsort</marc:subfield>
    </marc:datafield>
    <marc:datafield tag="751" ind1=" " ind2=" ">
      <marc:subfield code="a">Partenheim</marc:subfield>
      <marc:subfield code="0">(DE-588)4303989-3</marc:subfield>
      <marc:subfield code="2">gnd</marc:subfield>
      <marc:subfield code="4">dbp</marc:subfield>
      <marc:subfield code="e">Vertriebsort</marc:subfield>
    </marc:datafield>
    <marc:datafield tag="751" ind1=" " ind2=" ">
      <marc:subfield code="a">Saulheim</marc:subfield>
      <marc:subfield code="0">(DE-588)4626981-2</marc:subfield>
      <marc:subfield code="2">gnd</marc:subfield>
      <marc:subfield code="4">dbp</marc:subfield>
      <marc:subfield code="e">Vertriebsort</marc:subfield>
    </marc:datafield>
    <marc:datafield tag="751" ind1=" " ind2=" ">
      <marc:subfield code="a">Schornsheim</marc:subfield>
      <marc:subfield code="0">(DE-588)4638578-2</marc:subfield>
      <marc:subfield code="2">gnd</marc:subfield>
      <marc:subfield code="4">dbp</marc:subfield>
      <marc:subfield code="e">Vertriebsort</marc:subfield>
    </marc:datafield>
    <marc:datafield tag="751" ind1=" " ind2=" ">
      <marc:subfield code="a">Spiesheim</marc:subfield>
      <marc:subfield code="0">(DE-588)4670543-0</marc:subfield>
      <marc:subfield code="2">gnd</marc:subfield>
      <marc:subfield code="4">dbp</marc:subfield>
      <marc:subfield code="e">Vertriebsort</marc:subfield>
    </marc:datafield>
    <marc:datafield tag="751" ind1=" " ind2=" ">
      <marc:subfield code="a">Sulzheim</marc:subfield>
      <marc:subfield code="g">Landkreis Alzey-Worms</marc:subfield>
      <marc:subfield code="0">(DE-588)4118899-8</marc:subfield>
      <marc:subfield code="2">gnd</marc:subfield>
      <marc:subfield code="4">dbp</marc:subfield>
      <marc:subfield code="e">Vertriebsort</marc:subfield>
    </marc:datafield>
    <marc:datafield tag="751" ind1=" " ind2=" ">
      <marc:subfield code="a">Udenheim</marc:subfield>
      <marc:subfield code="0">(DE-588)509970-5</marc:subfield>
      <marc:subfield code="2">gnd</marc:subfield>
      <marc:subfield code="4">dbp</marc:subfield>
      <marc:subfield code="e">Vertriebsort</marc:subfield>
    </marc:datafield>
    <marc:datafield tag="751" ind1=" " ind2=" ">
      <marc:subfield code="a">Vendersheim</marc:subfield>
      <marc:subfield code="0">(DE-588)3017734-0</marc:subfield>
      <marc:subfield code="2">gnd</marc:subfield>
      <marc:subfield code="4">dbp</marc:subfield>
      <marc:subfield code="e">Vertriebsort</marc:subfield>
    </marc:datafield>
    <marc:datafield tag="751" ind1=" " ind2=" ">
      <marc:subfield code="a">Wallertheim</marc:subfield>
      <marc:subfield code="0">(DE-588)4458528-7</marc:subfield>
      <marc:subfield code="2">gnd</marc:subfield>
      <marc:subfield code="4">dbp</marc:subfield>
      <marc:subfield code="e">Vertriebsort</marc:subfield>
    </marc:datafield>
    <marc:datafield tag="776" ind1="0" ind2="8">
      <marc:subfield code="i">Erscheint auch als</marc:subfield>
      <marc:subfield code="n">Druck-Ausgabe, 1980-</marc:subfield>
      <marc:subfield code="a">Verbandsgemeinde Wörrstadt</marc:subfield>
      <marc:subfield code="t">Nachrichtenblatt</marc:subfield>
      <marc:subfield code="d">Wörrstadt : Oppenheimer Druckhaus, 1980-</marc:subfield>
      <marc:subfield code="w">(DE-600)29343-X</marc:subfield>
    </marc:datafield>
    <marc:datafield tag="856" ind1="4" ind2="0">
      <marc:subfield code="u">https://nbn-resolving.org/urn:nbn:de:hbz:929:02-edoweb:70833260</marc:subfield>
      <marc:subfield code="x">Resolving-System</marc:subfield>
    </marc:datafield>
    <marc:datafield tag="856" ind1="4" ind2=" ">
      <marc:subfield code="u">https://www.oppenheimer-druckhaus.de/e-paper/nachrichten-blatt-vg-woerrstadt/archiv-1</marc:subfield>
      <marc:subfield code="x">Verlag</marc:subfield>
      <marc:subfield code="z">kostenfrei</marc:subfield>
    </marc:datafield>
    <marc:datafield tag="856" ind1="4" ind2=" ">
      <marc:subfield code="u">https://www.edoweb-rlp.de/resource/edoweb%3A7083326</marc:subfield>
      <marc:subfield code="x">Langzeitarchivierung</marc:subfield>
    </marc:datafield>
    <marc:datafield tag="924" ind1="1" ind2=" ">
      <marc:subfield code="a">99376437603706441</marc:subfield>
      <marc:subfield code="b">DE-465</marc:subfield>
      <marc:subfield code="c">NRW</marc:subfield>
      <marc:subfield code="d">d</marc:subfield>
    </marc:datafield>
    <marc:datafield tag="924" ind1="1" ind2=" ">
      <marc:subfield code="a">99376437603706441</marc:subfield>
      <marc:subfield code="b">DE-61</marc:subfield>
      <marc:subfield code="c">NRW</marc:subfield>
      <marc:subfield code="d">d</marc:subfield>
    </marc:datafield>
    <marc:datafield tag="924" ind1="1" ind2=" ">
      <marc:subfield code="a">99376437603706441</marc:subfield>
      <marc:subfield code="b">DE-Kn3</marc:subfield>
      <marc:subfield code="c">NRW</marc:subfield>
      <marc:subfield code="d">d</marc:subfield>
    </marc:datafield>
    <marc:datafield tag="924" ind1="1" ind2=" ">
      <marc:subfield code="a">99376437603706441</marc:subfield>
      <marc:subfield code="b">DE-38</marc:subfield>
      <marc:subfield code="c">NRW</marc:subfield>
      <marc:subfield code="d">d</marc:subfield>
    </marc:datafield>
    <marc:datafield tag="924" ind1="1" ind2=" ">
      <marc:subfield code="a">99376437603706441</marc:subfield>
      <marc:subfield code="b">DE-5N</marc:subfield>
      <marc:subfield code="c">NRW</marc:subfield>
      <marc:subfield code="d">d</marc:subfield>
    </marc:datafield>
    <marc:datafield tag="924" ind1="1" ind2=" ">
      <marc:subfield code="a">99376437603706441</marc:subfield>
      <marc:subfield code="b">DE-5</marc:subfield>
      <marc:subfield code="c">NRW</marc:subfield>
      <marc:subfield code="d">d</marc:subfield>
    </marc:datafield>
    <marc:datafield tag="924" ind1="1" ind2=" ">
      <marc:subfield code="a">99376437603706441</marc:subfield>
      <marc:subfield code="b">DE-107</marc:subfield>
      <marc:subfield code="c">NRW</marc:subfield>
      <marc:subfield code="d">d</marc:subfield>
    </marc:datafield>
    <marc:datafield tag="924" ind1="1" ind2=" ">
      <marc:subfield code="a">99376437603706441</marc:subfield>
      <marc:subfield code="b">DE-Zw1</marc:subfield>
      <marc:subfield code="c">NRW</marc:subfield>
      <marc:subfield code="d">d</marc:subfield>
    </marc:datafield>
    <marc:datafield tag="924" ind1="1" ind2=" ">
      <marc:subfield code="a">99376437603706441</marc:subfield>
      <marc:subfield code="b">DE-929</marc:subfield>
      <marc:subfield code="c">NRW</marc:subfield>
      <marc:subfield code="d">d</marc:subfield>
    </marc:datafield>
    <marc:datafield tag="924" ind1="1" ind2=" ">
      <marc:subfield code="a">99376437603706441</marc:subfield>
      <marc:subfield code="b">DE-1116-DLR</marc:subfield>
      <marc:subfield code="c">NRW</marc:subfield>
      <marc:subfield code="d">d</marc:subfield>
    </marc:datafield>
    <marc:datafield tag="924" ind1="1" ind2=" ">
      <marc:subfield code="a">99376437603706441</marc:subfield>
      <marc:subfield code="b">DE-1116</marc:subfield>
      <marc:subfield code="c">NRW</marc:subfield>
      <marc:subfield code="d">d</marc:subfield>
    </marc:datafield>
  </marc:record>
</marc:collection>
